Catálogo
 En Linea

Segunda exposición nacional de artes plasticas. (Registro nro. 30393)

Detalles MARC
000 -CABECERA
campo de control de longitud fija 00579nam a2200145 a 4500
001 - NÚMERO DE CONTROL
campo de control 000030901
005 - FECHA Y HORA DE LA ÚLTIMA TRANSACCIÓN
campo de control 20200930062559.0
008 - DATOS DE LONGITUD FIJA--INFORMACIÓN GENERAL
campo de control de longitud fija 110606s1944 dr ac r 000 0 spa d
040 ## - FUENTE DE LA CATALOGACIÓN
Centro catalogador/agencia de origen DO-SdBNP
Lengua de catalogación spa
Centro/agencia transcriptor BNPHU
082 ## - NÚMERO DE LA CLASIFICACIÓN DECIMAL DEWEY
Número de clasificación xxxx
Número de documento/Ítem xxxx
111 2# - ENTRADA PRINCIPAL--NOMBRE DE CONGRESO/REUNIÓN
Nombre de congreso/reunión o jurisdicción como elemento de entrada Exposición nacional de artes plasticas
Fecha del congreso/reunión (1944:
Sede del congreso/Lugar de la reunión Ciudad Trujillo
Número del congreso/reunión o número de parte o sección 2: 29 de febrero al 15 marzo )
9 (RLIN) 57422
245 10 - MENCIÓN DE TÍTULO
Título Segunda exposición nacional de artes plasticas.
260 ## - PUBLICACIÓN, DISTRIBUCIÓN, ETC.
Lugar de publicación, distribución, etc. Ciudad Trujillo, República Dominicana :
Nombre del editor, distribuidor, etc. Secretaría de Estado de Educación y Bellas Artes,
Fecha de publicación, distribución, etc. 1944.
300 ## - DESCRIPCIÓN FÍSICA
Extensión 1 v. en varias paginaciones ;
Dimensiones 24 cm.
Existencias
Estado de retiro Estado de pérdida No para préstamo Código de colección Localización permanente Ubicación/localización actual Ubicación en estantería Fecha de adquisición Número de inventario Total de préstamos Signatura topográfica completa Código de barras Fecha visto por última vez Precio válido a partir de Tipo de ítem Koha Nota pública
    Excluido de préstamo Patrimonio Dominicano Patrimonio Dominicano Patrimonio Dominicano En catalogación 06.06.2011 LF1   xxxx xxxx 30901-10 25.06.2020 25.06.2020 Libro y Folleto Colección Patrimonio Dominicano Perteneció a la biblioteca personal de Martínez Boog.

Con tecnología Koha